| 000 | 00376nam a22001337a 4500 | ||
|---|---|---|---|
| 003 | SGT | ||
| 082 |
_a617.632 _bD20B |
||
| 100 | _aBHARDWAJ, AMIT | ||
| 245 | _aTO DETERMINE AND CORRELATE THE CHRONIC PERIODONTICS STATUS AND BLOOD GROUPS IN TWO MAJOR ETHNIC GROUPS OF INDIAN POPULATION | ||
| 260 |
_aSGTU _c2020 |
||
| 300 | _a75 | ||
| 650 | _aPERIODONTOLOGY | ||
| 942 |
_2ddc _cTH |
||
| 999 |
_c21132 _d21132 |
||